000 00718nam a2200241Ia 4500
003 OSt
005 20220923224907.0
006 a|||||r|||| 00| 0
007 ta
008 220922b |||||||| |||| 00| 0 hin d
024 _a253,271
037 _cTextual
040 _aARTS
_cARTS
_bhin
041 _2hin
_ahin
082 _aO152,3M80:g, J5
100 _aशर्मा, रत्नचंद्र
245 0 _aमुंशी प्रेमचन्द
246 _aMuanshī premachanda
260 _c1955
650 _aहिन्दी साहित्य
_9156264
942 _hO152,3M80:g, J5
_cTEXL
_2CC
999 _c374455
_d374455